000 00456nam a2200157 i 4500
001 21091
003 ES-MaACL
005 20230906152420.0
007 t|
008 021121s1956 sp ||||1| spa d
100 1 _aAgenjo Cecilia, César.
_918548
245 1 0 _aEnciclopedia de la leche /
_cCésar Agenjo Cecilia.
260 _aMadrid :
_bEspasa-Calpe,
_c1956.
300 _aVIII, 965 p., 4 lám. :
_bil. ;
_c28 cm.
852 _aES-MaACL
_jC-11222
_bR.39164
999 _c21091
_d21091